[Event "TUR-chT 1st League"]
[Site "Konya"]
[Date "2022.08.26"]
[Round "7.8"]
[White "Agdelen, Huseyin Can"]
[Black "Oner, Oguz"]
[Result "1/2-1/2"]
[WhiteElo "2423"]
[BlackElo "2018"]
[PlyCount "123"]
[EventDate "2022.08.22"]
[EventType "team-swiss"]
[EventRounds "9"]
[EventCountry "TUR"]
[SourceTitle "CBM 209 Extra"]
[Source "ChessBase"]
[SourceDate "2022.09.30"]
[SourceVersion "1"]
[SourceVersionDate "2022.09.30"]
[SourceQuality "1"]
[WhiteTeam "Varyant Genclik"]
[BlackTeam "Bogazici Universitesi"]
[WhiteTeamCountry "TUR"]
[BlackTeamCountry "TUR"]

1. d4 Nf6 2. c4 e6 3. Nc3 Bb4 4. Qc2 c5 5. dxc5 Bxc5 6. Nf3 d5 7. cxd5 Nxd5 8. e4 Nb4 9. Qb1 Qb6 10. Bb5+ Bd7 11. Bxd7+ Nxd7 12. 0-0 0-0 13. a3 Nc6 14. b4 Be7 15. Be3 Qc7 16. Nb5 Qb8 17. Qb3 a6 18. Nbd4 Nxd4 19. Bxd4 Bf6 20. Rad1 b5 21. Qe3 Bxd4 22. Rxd4 Ne5 23. Rfd1 Nxf3+ 24. Qxf3 Qe5 25. g3 h6 26. Rd6 Rfc8 27. Rd7 Qf6 28. Qxf6 gxf6 29. R1d3 Kg7 30. Kg2 Kg6 31. Rb7 Rd8 32. Rdd7 Rxd7 33. Rxd7 Rc8 34. Rd6 Ra8 35. Rb6 e5 36. f4 Kg7 37. Kf3 h5 38. h3 Ra7 39. fxe5 fxe5 40. g4 Rc7 41. Rxa6 Rc3+ 42. Kg2 hxg4 43. hxg4 f6 44. g5 fxg5 45. Re6 Rxa3 46. Rxe5 Kf6 47. Rf5+ Kg6 48. Kf2 g4 49. Rxb5 g3+ 50. Kg2 Re3 51. Kh3 Kf6 52. Rb8 Ke7 53. e5 Kd7 54. Rb5 Ke6 55. Rb7 Rxe5 56. Kxg3 Kd6 57. Kf3 Kc6 58. Ra7 Rb5 59. Ra4 Kd5 60. Ke3 Kc4 61. Ke4 Rxb4 62. Rxb4+ 1/2-1/2

[Event "TUR-chT 1st League"]
[Site "Konya"]
[Date "2018.07.20"]
[Round "7.10"]
[White "Celik, Ege"]
[Black "Oner, Oguz"]
[Result "1/2-1/2"]
[WhiteElo "1761"]
[BlackElo "2037"]
[PlyCount "64"]
[EventDate "2018.07.16"]
[EventType "team-swiss"]
[EventRounds "9"]
[EventCountry "TUR"]
[SourceTitle "EXT 2019"]
[Source "ChessBase"]
[SourceDate "2018.10.10"]
[SourceVersion "1"]
[SourceVersionDate "2018.10.10"]
[SourceQuality "1"]
[WhiteTeam "Karaman Saglik"]
[BlackTeam "Bogazici Universitesi"]
[WhiteTeamCountry "TUR"]
[BlackTeamCountry "TUR"]

1. e4 e5 2. Nf3 Nc6 3. d4 exd4 4. Bc4 Nf6 5. 0-0 Nxe4 6. Re1 d5 7. Bxd5 Qxd5 8. Nc3 Qa5 9. Nxe4 Be6 10. Neg5 0-0-0 11. Nxe6 fxe6 12. Rxe6 Be7 13. Bd2 Qd5 14. Qe2 Bf6 15. Qe4 Qxe4 16. Rxe4 Rd5 17. Rae1 Rc5 18. Rc1 Rd8 19. c3 dxc3 20. Bxc3 Bxc3 21. Rxc3 Rxc3 22. bxc3 Rd3 23. Re3 Rxe3 24. fxe3 Kd7 25. Kf2 Kd6 26. e4 Ne5 27. Ke3 c5 28. Nxe5 Kxe5 29. c4 g5 30. g3 h6 31. a4 b6 32. Kd3 Kf6 1/2-1/2

[Event "TUR-chT 1st League"]
[Site "Konya"]
[Date "2018.07.17"]
[Round "3.11"]
[White "Oner, Oguz"]
[Black "Eldemir, Goksu"]
[Result "1-0"]
[WhiteElo "2037"]
[BlackElo "1907"]
[PlyCount "73"]
[EventDate "2018.07.16"]
[EventType "team-swiss"]
[EventRounds "9"]
[EventCountry "TUR"]
[SourceTitle "EXT 2019"]
[Source "ChessBase"]
[SourceDate "2018.10.10"]
[SourceVersion "1"]
[SourceVersionDate "2018.10.10"]
[SourceQuality "1"]
[WhiteTeam "Bogazici Universitesi"]
[BlackTeam "Burdurspor Dernegi"]
[WhiteTeamCountry "TUR"]
[BlackTeamCountry "TUR"]

1. c4 Nf6 2. Nc3 Nc6 3. d4 e5 4. Nf3 e4 5. Ne5 Bb4 6. Nxc6 dxc6 7. Bg5 0-0 8. e3 Qe7 9. Be2 b6 10. Qc2 Re8 11. 0-0 Bxc3 12. Qxc3 a5 13. b3 h6 14. Bh4 Bf5 15. h3 Qd6 16. Bg3 Qe7 17. a3 Nh7 18. Rfd1 Qd7 19. d5 c5 20. b4 Ra6 21. d6 c6 22. bxc5 bxc5 23. Rab1 Ng5 24. Bf1 f6 25. a4 Nf7 26. Qa3 Qa7 27. Rb2 Ne5 28. Rdb1 Nd7 29. Rb7 Qa8 30. Qb2 Ra7 31. Rb3 Ra6 32. Be2 Be6 33. Qc2 f5 34. Qb2 Ra7 35. Be5 Nxe5 36. Qxe5 Bxc4 37. Bxc4+ 1-0

[Event "TUR-chT 1st League"]
[Site "Konya"]
[Date "2018.07.16"]
[Round "1.2"]
[White "Oner, Oguz"]
[Black "Tanriverdi, Enes"]
[Result "1-0"]
[WhiteElo "2037"]
[BlackElo "2300"]
[PlyCount "97"]
[EventDate "2018.07.16"]
[EventType "team-swiss"]
[EventRounds "9"]
[EventCountry "TUR"]
[SourceTitle "EXT 2019"]
[Source "ChessBase"]
[SourceDate "2018.10.10"]
[SourceVersion "1"]
[SourceVersionDate "2018.10.10"]
[SourceQuality "1"]
[WhiteTeam "Bogazici Universitesi"]
[BlackTeam "Ordu Buyuksehir Belediye"]
[WhiteTeamCountry "TUR"]
[BlackTeamCountry "TUR"]

1. d4 Nf6 2. c4 g6 3. Nc3 Bg7 4. e4 d6 5. f3 0-0 6. Be3 c5 7. Nge2 Nc6 8. d5 Na5 9. Ng3 e6 10. Be2 a6 11. 0-0 exd5 12. cxd5 b5 13. Rc1 Re8 14. Qd2 Bd7 15. Nd1 b4 16. Bh6 Bh8 17. Ne3 Bb5 18. Nc4 Nxc4 19. Bxc4 Nd7 20. f4 Bxc4 21. Rxc4 a5 22. Rc2 a4 23. f5 b3 24. fxg6 fxg6 25. axb3 axb3 26. Rc3 Bxc3 27. Qxc3 Ne5 28. Qxb3 Qh4 29. Bf4 Rab8 30. Qc3 Qe7 31. Rc1 Qb7 32. Rc2 Qg7 33. Nf1 Rb4 34. Nd2 Rd4 35. Qg3 Qf7 36. h3 Rd3 37. Qg5 Qd7 38. Kh2 Qa4 39. b3 Qd4 40. Nc4 Rd1 41. Nxd6 Qg1+ 42. Kg3 Rd3+ 43. Kh4 h6 44. Qxh6 Rf8 45. Bxe5 Rxh3+ 46. Kxh3 Qh1+ 47. Bh2 Rf3+ 48. gxf3 Qxf3+ 49. Kh4 1-0

[Event "Wch U18"]
[Site "Khanty-Mansiysk"]
[Date "2016.09.30"]
[Round "8"]
[White "Krykun, Yuriy"]
[Black "Oner, Oguz"]
[Result "0-1"]
[WhiteElo "2242"]
[BlackElo "1962"]
[PlyCount "112"]
[EventDate "2016.09.22"]
[EventType "swiss"]
[EventRounds "11"]
[EventCountry "RUS"]
[SourceTitle "EXT 2017"]
[Source "ChessBase"]
[SourceDate "2016.10.25"]
[SourceVersion "1"]
[SourceVersionDate "2016.10.25"]
[SourceQuality "1"]

1. e4 e5 2. Nf3 Nc6 3. Bb5 a6 4. Ba4 Nf6 5. 0-0 Be7 6. Bxc6 dxc6 7. d3 Nd7 8. b3 0-0 9. Bb2 f6 10. Nbd2 Re8 11. d4 exd4 12. Nxd4 Nb8 13. Nc4 c5 14. Ne2 Qxd1 15. Rfxd1 Nc6 16. Nf4 b5 17. Nd2 Bd6 18. Nd5 Be6 19. f3 Nd4 20. c3 Ne2+ 21. Kf2 Bxd5 22. exd5 Nf4 23. Ne4 f5 24. Nxd6 Re2+ 25. Kf1 Rxb2 26. Nxf5 Rxg2 27. d6 cxd6 28. Ne7+ Kf7 29. Nd5 Nxd5 30. Kxg2 Ne3+ 31. Kf2 Nxd1+ 32. Rxd1 Ke7 33. f4 Rf8 34. Kg3 Kd7 35. Kg4 Re8 36. Kf3 Kc6 37. h4 d5 38. h5 a5 39. a3 Re7 40. b4 d4 41. cxd4 cxb4 42. axb4 a4 43. f5 Kd5 44. Kf4 Ra7 45. Kg5 Ra6 46. Kf4 a3 47. Ke3 a2 48. Ra1 Ra3+ 49. Kd2 Rh3 50. Kc1 Rh1+ 51. Kb2 Rxa1 52. Kxa1 h6 53. Kxa2 Kxd4 54. Kb3 Kd3 55. Ka2 Kc2 56. Ka3 Kc3 0-1

[Event "Wch U18"]
[Site "Khanty-Mansiysk"]
[Date "2016.09.26"]
[Round "5"]
[White "Oner, Oguz"]
[Black "Shih, Yu An"]
[Result "1-0"]
[WhiteElo "1962"]
[BlackElo "1493"]
[PlyCount "111"]
[EventDate "2016.09.22"]
[EventType "swiss"]
[EventRounds "11"]
[EventCountry "RUS"]
[SourceTitle "EXT 2017"]
[Source "ChessBase"]
[SourceDate "2016.10.25"]
[SourceVersion "1"]
[SourceVersionDate "2016.10.25"]
[SourceQuality "1"]

1. d4 d5 2. Nf3 Nf6 3. c4 e6 4. Nc3 c6 5. Bg5 Nbd7 6. e3 Qa5 7. Nd2 Bb4 8. Qc2 h6 9. Bh4 0-0 10. Bd3 Bxc3 11. bxc3 a6 12. 0-0 Qc7 13. Bg3 Qd8 14. cxd5 cxd5 15. a4 b6 16. c4 Bb7 17. a5 Rc8 18. Qb2 dxc4 19. Nxc4 b5 20. Nd6 Rb8 21. Nxb5 axb5 22. Bxb8 Nxb8 23. Bxb5 Ba6 24. Rfc1 Nd5 25. Qe2 Nc7 26. Bxa6 Ncxa6 27. Qb5 Qe8 28. Qb7 Qd7 29. Rab1 Rd8 30. Qxd7 Nxd7 31. Rc6 Ra8 32. Rb7 Rb8 33. Rxb8+ Ndxb8 34. Rb6 Kf8 35. Rb7 Ke8 36. Ra7 Nb4 37. Kf1 N8c6 38. Ra8+ Kd7 39. a6 Nd5 40. a7 Nc7 41. Rf8 Nd8 42. Rg8 g6 43. g4 Ke7 44. Ke2 Kd7 45. e4 Kc8 46. d5 Kd7 47. d6 Na8 48. e5 Nb6 49. f4 Na8 50. h4 Nb6 51. Kd1 Na8 52. Kc2 Nb6 53. Kb3 Na8 54. Ka4 Nb6+ 55. Kb5 Na8 56. Rh8 1-0

[Event "TUR-ch U20"]
[Site "Canakkale"]
[Date "2016.06.30"]
[Round "6"]
[White "Tofan, Ismail"]
[Black "Oner, Oguz"]
[Result "0-1"]
[WhiteElo "1719"]
[BlackElo "1837"]
[PlyCount "92"]
[EventDate "2016.06.27"]
[EventType "swiss"]
[EventRounds "9"]
[EventCountry "TUR"]
[SourceTitle "CBM 173 Extra"]
[Source "ChessBase"]
[SourceDate "2016.08.29"]
[SourceVersion "1"]
[SourceVersionDate "2016.08.29"]
[SourceQuality "1"]

1. e4 e5 2. b3 Bc5 3. Bb2 Nf6 4. Nc3 d6 5. Nf3 Ng4 6. d4 exd4 7. Nd5 c6 8. Nf4 Bb4+ 9. Nd2 Ne3 10. fxe3 dxe3 11. c3 Qf6 12. Nf3 Bxc3+ 13. Bxc3 Qxc3+ 14. Ke2 b6 15. Qd4 Ba6+ 16. Kd1 Qxd4+ 17. Nxd4 Kd7 18. Bxa6 Nxa6 19. Re1 Rhe8 20. Rxe3 Nc5 21. Rc1 Rac8 22. Nf5 g6 23. Ng3 f5 24. Rc4 d5 25. Rd4 Nxe4 26. Nxe4 fxe4 27. Rh3 Re7 28. Ke2 Kd6 29. Rc3 Rf8 30. Nh3 c5 31. Rd1 Ref7 32. b4 g5 33. Nxg5 Rf2+ 34. Ke3 d4+ 35. Kxe4 Re2+ 36. Kd3 Re3+ 37. Kd2 Rf2+ 38. Kc1 Rxc3+ 39. Kb1 Re3 40. Nxh7 Rxg2 41. Nf6 Rg6 42. Nh5 Ke5 43. Ng3 c4 44. Nf1 Re2 45. Nd2 Kd5 46. Nf3 d3 0-1

[Event "TUR-ch U20"]
[Site "Canakkale"]
[Date "2016.06.28"]
[Round "3"]
[White "Oner, Oguz"]
[Black "Sari, Yasin"]
[Result "1-0"]
[WhiteElo "1837"]
[BlackElo "2120"]
[PlyCount "71"]
[EventDate "2016.06.27"]
[EventType "swiss"]
[EventRounds "9"]
[EventCountry "TUR"]
[SourceTitle "CBM 173 Extra"]
[Source "ChessBase"]
[SourceDate "2016.08.29"]
[SourceVersion "1"]
[SourceVersionDate "2016.08.29"]
[SourceQuality "1"]

1. d4 Nf6 2. c4 c5 3. d5 e6 4. Nc3 exd5 5. cxd5 d6 6. Nf3 g6 7. Nd2 Nbd7 8. e4 a6 9. a4 Bg7 10. Be2 0-0 11. 0-0 Re8 12. Ra3 Nf8 13. f4 Rb8 14. h3 Bd7 15. a5 c4 16. e5 dxe5 17. fxe5 Rxe5 18. Nxc4 Re8 19. Bf4 b5 20. axb6 Bb5 21. Bc7 Qe7 22. d6 Qe6 23. Nxb5 axb5 24. Re3 Qc8 25. Rxe8 Qxe8 26. Na3 Qe3+ 27. Kh1 Ne4 28. Rf3 Nf2+ 29. Rxf2 Qxf2 30. Bxb8 Nd7 31. Bc7 b4 32. Nc4 Bd4 33. b7 Ba7 34. Bf3 b3 35. Bc6 Qc2 36. Qf1 1-0

[Event "Manavgat Turkey Cup"]
[Site "Manavgat"]
[Date "2016.02.05"]
[Round "10"]
[White "Koker, Turan Sevki"]
[Black "Oner, Oguz"]
[Result "0-1"]
[WhiteElo "1785"]
[BlackElo "1858"]
[PlyCount "86"]
[EventDate "2016.01.30"]
[EventType "swiss"]
[EventRounds "11"]
[EventCountry "TUR"]
[SourceTitle "CBM 170 Extra"]
[Source "ChessBase"]
[SourceDate "2016.02.25"]
[SourceVersion "1"]
[SourceVersionDate "2016.02.25"]
[SourceQuality "1"]

1. e4 e5 2. Nf3 Nc6 3. Bc4 Bc5 4. c3 Nf6 5. d4 exd4 6. cxd4 Bb4+ 7. Nc3 Nxe4 8. 0-0 Bxc3 9. d5 Bf6 10. Re1 Ne7 11. Rxe4 d6 12. Bg5 Bxg5 13. Nxg5 h6 14. Qe2 hxg5 15. Re1 Be6 16. dxe6 f6 17. Re3 c6 18. Rh3 Rxh3 19. gxh3 g6 20. Qf3 Qa5 21. Qxf6 Qxe1+ 22. Bf1 0-0-0 23. Qxe7 Qe4 24. Qf7 Qf5 25. Qe7 d5 26. Be2 Rf8 27. f3 Rd8 28. f4 Qxf4 29. Bg4 Qc1+ 30. Kg2 Qxb2+ 31. Kg3 Qe5+ 32. Kg2 Qe4+ 33. Kg3 Qf4+ 34. Kg2 Qc7 35. Qxg5 Kb8 36. Qxg6 Rf8 37. Qd3 Qf4 38. Qe2 Qe4+ 39. Qxe4 dxe4 40. Bh5 Kc7 41. a4 Kd6 42. Bg4 b5 43. axb5 cxb5 0-1

[Event "TUR-chT2"]
[Site "Konya"]
[Date "2015.07.31"]
[Round "9.3"]
[White "Oner, Oguz"]
[Black "Guven, Oguz Kagan"]
[Result "0-1"]
[WhiteElo "1887"]
[BlackElo "1948"]
[PlyCount "134"]
[EventDate "2015.07.25"]
[EventType "team-swiss"]
[EventRounds "9"]
[EventCountry "TUR"]
[SourceTitle "CBM 167 Extra"]
[Source "ChessBase"]
[SourceDate "2015.09.14"]
[SourceVersion "1"]
[SourceVersionDate "2015.09.14"]
[SourceQuality "1"]
[WhiteTeam "Mersin Ezgi"]
[BlackTeam "Izmir Tas Duvar"]
[WhiteTeamCountry "TUR"]
[BlackTeamCountry "TUR"]

1. d4 Nf6 2. c4 c5 3. d5 d6 4. Nc3 g6 5. Nf3 Bg7 6. h3 0-0 7. Bf4 Qa5 8. Qd2 a6 9. e4 Nbd7 10. Bd3 Rb8 11. 0-0 b5 12. e5 dxe5 13. Nxe5 Nxe5 14. Bxe5 Rb7 15. cxb5 axb5 16. a4 b4 17. Bxf6 Bxf6 18. Ne4 Bg7 19. Rfc1 Rc7 20. Bb5 Qb6 21. Bc6 e6 22. a5 Qa7 23. Rxc5 exd5 24. Qxd5 Be6 25. Qd6 Rfc8 26. Rd1 h6 27. Rdc1 Bxb2 28. Rb1 Bg7 29. Rxb4 Bf5 30. Bb7 Rxc5 31. Nxc5 Qxc5 32. Qxc5 Rxc5 33. Ra4 Rc1+ 34. Kh2 Ra1 35. Rxa1 Bxa1 36. g4 Be6 37. Kg2 Kf8 38. f4 Ke7 39. Kf2 Bd4+ 40. Kf3 Kd6 41. Ke4 Ba7 42. f5 Bd7 43. fxg6 fxg6 44. Kf4 g5+ 45. Kg3 Bc6 46. Ba6 Kc7 47. Be2 Bc5 48. h4 Bb4 49. hxg5 hxg5 50. a6 Bc5 51. Bc4 Kb8 52. Be6 Ka7 53. Bc8 Bb5 54. Kf3 Bxa6 55. Bf5 Kb6 56. Ke4 Bd6 57. Kd5 Bf4 58. Bd7 Kc7 59. Bf5 Bc8 60. Bd3 Bxg4 61. Ke4 Kd6 62. Bf1 Ke6 63. Bc4+ Kf6 64. Bb5 Bc7 65. Ba4 Bf5+ 66. Kf3 g4+ 67. Kg2 Be4+ 0-1

[Event "TUR-chT2"]
[Site "Konya"]
[Date "2015.07.30"]
[Round "8.5"]
[White "Zeydan, Salih"]
[Black "Oner, Oguz"]
[Result "1-0"]
[WhiteElo "1976"]
[BlackElo "1887"]
[PlyCount "76"]
[EventDate "2015.07.25"]
[EventType "team-swiss"]
[EventRounds "9"]
[EventCountry "TUR"]
[SourceTitle "CBM 167 Extra"]
[Source "ChessBase"]
[SourceDate "2015.09.14"]
[SourceVersion "1"]
[SourceVersionDate "2015.09.14"]
[SourceQuality "1"]
[WhiteTeam "Burdur Callica"]
[BlackTeam "Mersin Ezgi"]
[WhiteTeamCountry "TUR"]
[BlackTeamCountry "TUR"]

1. e4 e5 2. Nf3 Nc6 3. Bb5 a6 4. Ba4 Nf6 5. 0-0 Be7 6. Re1 b5 7. Bb3 0-0 8. a4 b4 9. d3 d6 10. a5 Be6 11. Nbd2 Qc8 12. Nc4 Re8 13. c3 bxc3 14. bxc3 Na7 15. h3 Rb8 16. Ng5 Qb7 17. Nxe6 fxe6 18. Rb1 Nb5 19. Na3 d5 20. Nxb5 Qxb5 21. exd5 exd5 22. Rxe5 Qxa5 23. Bd2 c6 24. c4 Qc7 25. Rf5 Qd7 26. Rf3 Kh8 27. Ra1 Qb7 28. Ba4 dxc4 29. dxc4 Ne4 30. Bf4 Bf6 31. Rb3 Qxb3 32. Bxb3 Nc3 33. Qc2 Ne2+ 34. Kf1 Nd4 35. Qa2 Rxb3 36. Rd1 Rb7 37. Qxa6 Rb2 38. Be3 Nf5 1-0

[Event "Manavgat Turkey Cup"]
[Site "Manavgat"]
[Date "2015.02.07"]
[Round "11"]
[White "Oner, Oguz"]
[Black "Garabetyan, Arno"]
[Result "1-0"]
[WhiteElo "1884"]
[BlackElo "2074"]
[PlyCount "123"]
[EventDate "2015.01.31"]
[EventType "swiss"]
[EventRounds "11"]
[EventCountry "TUR"]
[SourceTitle "CBM 164 Extra"]
[Source "ChessBase"]
[SourceDate "2015.03.02"]
[SourceVersion "1"]
[SourceVersionDate "2015.03.02"]
[SourceQuality "1"]

1. d4 Nf6 2. c4 e6 3. Nf3 b6 4. g3 Bb7 5. Bg2 Be7 6. Nc3 Ne4 7. Qc2 Nxc3 8. Qxc3 0-0 9. 0-0 c5 10. b3 Bf6 11. Bb2 Nc6 12. Qd2 d6 13. Rfd1 Qe7 14. e3 Rfd8 15. Rac1 e5 16. d5 Nb8 17. e4 g5 18. h3 Nd7 19. Nh2 Nf8 20. b4 cxb4 21. Qxb4 Bg7 22. Ng4 Ng6 23. a4 Qc7 24. Ne3 a5 25. Qb3 Nf8 26. Ba3 Nd7 27. Rb1 Ba6 28. Bf1 Rab8 29. Nf5 Bf8 30. Qe3 f6 31. c5 Bxf1 32. cxd6 Qc4 33. Rxf1 Qxa4 34. Ne7+ Bxe7 35. dxe7 Re8 36. Rfc1 b5 37. Bd6 Ra8 38. Rc7 b4 39. Rb7 Kg7 40. f4 gxf4 41. gxf4 exf4 42. Qxf4 Qa2 43. Rf1 Kf7 44. Qf2 Qxf2+ 45. Rxf2 Rxe7 46. Bxe7 Kxe7 47. Rb5 Ne5 48. Rb7+ Kd6 49. Rxf6+ Kc5 50. Re6 a4 51. Rxe5 a3 52. Re6 Kc4 53. Rc6+ Kb3 54. Rc1 a2 55. d6 a1Q 56. Rxa1 Rxa1+ 57. Kf2 Rd1 58. e5 Kc4 59. d7 Rd2+ 60. Ke3 Rd1 61. e6 b3 62. e7 1-0

[Event "Manavgat Turkey Cup"]
[Site "Manavgat"]
[Date "2015.02.06"]
[Round "10"]
[White "Uysal, Burak"]
[Black "Oner, Oguz"]
[Result "1/2-1/2"]
[WhiteElo "2053"]
[BlackElo "1884"]
[PlyCount "147"]
[EventDate "2015.01.31"]
[EventType "swiss"]
[EventRounds "11"]
[EventCountry "TUR"]
[SourceTitle "CBM 164 Extra"]
[Source "ChessBase"]
[SourceDate "2015.03.02"]
[SourceVersion "1"]
[SourceVersionDate "2015.03.02"]
[SourceQuality "1"]

1. e4 e5 2. Nc3 Bc5 3. Nf3 d6 4. Na4 Bb6 5. Nxb6 axb6 6. d4 exd4 7. Qxd4 Qf6 8. Bg5 Qxd4 9. Nxd4 Bd7 10. Nb5 Bxb5 11. Bxb5+ Nc6 12. 0-0 Nge7 13. a4 0-0 14. Rfd1 Ng6 15. c3 f5 16. exf5 Rxf5 17. Be3 Nce5 18. Be2 Nf4 19. Bf1 Ne6 20. h3 Nc5 21. Ra3 Kf8 22. Rd4 Ke7 23. f4 Nc6 24. Rd1 Kd7 25. g4 Rff8 26. Bg2 Rfe8 27. Bxc5 bxc5 28. Kf2 Rf8 29. Kg3 Rae8 30. Bf3 b6 31. Raa1 Re7 32. Re1 Ref7 33. f5 Ne5 34. Bd5 Re7 35. a5 bxa5 36. Rxa5 Rb8 37. b3 c6 38. Be6+ Ke8 39. Re3 Kf8 40. Kf4 h6 41. h4 g6 42. Rg3 Kg7 43. Ra1 Nf7 44. c4 g5+ 45. hxg5 hxg5+ 46. Ke4 Nd8 47. Rd3 Nxe6 48. fxe6 Rxe6+ 49. Kf3 Rb6 50. Ra7+ Kf6 51. Rd7 Ke5 52. Rg7 Kf6 53. Rd7 Ke5 54. Rf7 Rf6+ 55. Rxf6 Kxf6 56. Rxd6+ Ke5 57. Rd3 Rb7 58. Ke3 Rh7 59. Kd2 Rh4 60. Rg3 Kf4 61. Rd3 Rh6 62. Re3 Kxg4 63. Re5 Kf4 64. Rxc5 g4 65. Ra5 g3 66. Ke2 Rh2+ 67. Kf1 Rf2+ 68. Kg1 Rb2 69. Rc5 Rb1+ 70. Kg2 Rb2+ 71. Kg1 Kf3 72. Rf5+ Kg4 73. Rc5 Rxb3 74. Rxc6 1/2-1/2

[Event "Manavgat Turkey Cup"]
[Site "Manavgat"]
[Date "2015.02.05"]
[Round "9"]
[White "Oner, Oguz"]
[Black "Akdogan, Alperen"]
[Result "1/2-1/2"]
[WhiteElo "1884"]
[BlackElo "1951"]
[PlyCount "67"]
[EventDate "2015.01.31"]
[EventType "swiss"]
[EventRounds "11"]
[EventCountry "TUR"]
[SourceTitle "CBM 164 Extra"]
[Source "ChessBase"]
[SourceDate "2015.03.02"]
[SourceVersion "1"]
[SourceVersionDate "2015.03.02"]
[SourceQuality "1"]

1. d4 Nf6 2. c4 e6 3. Nf3 b6 4. g3 Bb7 5. Bg2 Be7 6. 0-0 0-0 7. Nc3 Ne4 8. Qc2 Nxc3 9. Qxc3 c5 10. b3 Bf6 11. e3 Nc6 12. Bb2 Qc7 13. Qd2 cxd4 14. Nxd4 Nxd4 15. Bxd4 Bxg2 16. Kxg2 Qc6+ 17. Kg1 Bxd4 18. Qxd4 Rfd8 19. Rfd1 h6 20. e4 d6 21. Rd2 Rd7 22. Rad1 Rad8 23. h4 Kf8 24. f3 Kg8 25. Kf2 d5 26. exd5 exd5 27. cxd5 Rxd5 28. Qxd5 Rxd5 29. Rxd5 Qc2+ 30. R1d2 Qc1 31. Rd1 Qc2+ 32. R1d2 Qc3 33. Re2 Qa1 34. Kg2 1/2-1/2

[Event "Manavgat Turkey Cup"]
[Site "Manavgat"]
[Date "2015.02.05"]
[Round "8"]
[White "Oner, Oguz"]
[Black "Hajiyev, Shahin Qabil"]
[Result "1-0"]
[WhiteElo "1884"]
[BlackElo "2007"]
[PlyCount "61"]
[EventDate "2015.01.31"]
[EventType "swiss"]
[EventRounds "11"]
[EventCountry "TUR"]
[SourceTitle "CBM 164 Extra"]
[Source "ChessBase"]
[SourceDate "2015.03.02"]
[SourceVersion "1"]
[SourceVersionDate "2015.03.02"]
[SourceQuality "1"]

1. d4 d5 2. Nf3 c6 3. c4 Nf6 4. Nc3 e6 5. cxd5 exd5 6. Bg5 Be7 7. Qc2 0-0 8. e3 Nbd7 9. Bd3 Re8 10. 0-0-0 Nf8 11. h3 Be6 12. g4 a6 13. Kb1 c5 14. dxc5 Rc8 15. Nd4 Rxc5 16. f4 b5 17. Qg2 b4 18. Na4 Ra5 19. Nc6 Qd7 20. Nxa5 Qxa4 21. Nb3 d4 22. Bxf6 Bxf6 23. g5 Bd8 24. exd4 Bxb3 25. axb3 Qxb3 26. Qc6 Re6 27. Qc2 Qxc2+ 28. Bxc2 Re3 29. h4 g6 30. f5 Nd7 31. Rhe1 1-0

[Event "Manavgat Turkey Cup"]
[Site "Manavgat"]
[Date "2015.02.04"]
[Round "7"]
[White "Ozalp, Burak"]
[Black "Oner, Oguz"]
[Result "1-0"]
[WhiteElo "2024"]
[BlackElo "1884"]
[PlyCount "73"]
[EventDate "2015.01.31"]
[EventType "swiss"]
[EventRounds "11"]
[EventCountry "TUR"]
[SourceTitle "CBM 164 Extra"]
[Source "ChessBase"]
[SourceDate "2015.03.02"]
[SourceVersion "1"]
[SourceVersionDate "2015.03.02"]
[SourceQuality "1"]

1. e4 e5 2. Nf3 Nc6 3. Bb5 a6 4. Ba4 Nf6 5. Qe2 b5 6. Bb3 Bc5 7. a4 b4 8. Bxf7+ Kxf7 9. Qc4+ Ke8 10. Qxc5 Nxe4 11. Qe3 Nf6 12. Nxe5 Nxe5 13. Qxe5+ Kf7 14. 0-0 Re8 15. Qg3 Re4 16. d3 Rg4 17. Qe5 d6 18. Qe2 Rg6 19. Bf4 Bb7 20. Bg3 h5 21. f3 Qd7 22. Nd2 Rh8 23. Ne4 h4 24. Bf4 Rh5 25. Rae1 Nd5 26. Bd2 Qxa4 27. f4 Rf5 28. Ng5+ Kf8 29. Qh5 Rh6 30. Nh7+ Rxh7 31. Qxf5+ Nf6 32. Re6 Rh6 33. Rfe1 Bc6 34. Re7 Bd7 35. Qg5 Rh7 36. Qg6 Be8 37. Rxe8+ 1-0

[Event "Manavgat Turkey Cup"]
[Site "Manavgat"]
[Date "2015.02.01"]
[Round "3"]
[White "Ozer, Omer Faruk"]
[Black "Oner, Oguz"]
[Result "1/2-1/2"]
[WhiteElo "2034"]
[BlackElo "1884"]
[PlyCount "52"]
[EventDate "2015.01.31"]
[EventType "swiss"]
[EventRounds "11"]
[EventCountry "TUR"]
[SourceTitle "CBM 164 Extra"]
[Source "ChessBase"]
[SourceDate "2015.03.02"]
[SourceVersion "1"]
[SourceVersionDate "2015.03.02"]
[SourceQuality "1"]

1. d4 d5 2. Nf3 Nf6 3. Bf4 c5 4. e3 Nc6 5. c3 Qb6 6. Qb3 c4 7. Qc2 Bf5 8. Qc1 h6 9. h3 e6 10. Be2 Be7 11. Nbd2 Ne4 12. Bd1 Bd8 13. Bc2 Nxd2 14. Nxd2 Bc7 15. Bxc7 Qxc7 16. 0-0 0-0 17. e4 Bxe4 18. Nxe4 dxe4 19. Bxe4 Rad8 20. Qe3 Ne7 21. Rfe1 Nd5 22. Qf3 b5 23. a3 a5 24. Bc2 Qf4 25. Qxf4 Nxf4 26. Re5 Rd5 1/2-1/2